00877 2200313 4500001002100000005001500021035002000036007000300056040001700059100003000076245008000106250001000186300003300196020001800229041000800247082000800255084001400263090002300277264004100300336002100341337003000362338002300392650002800415850001000443008004100453504002500494990002200519990002200541INLIS00000000000942920260420102452 a0010-1222000034ta aSBPUPADbind0 aWillyan Djaja:ePengarang1 aLangkah Jitu Membuat Kompos Dari Kotoran Ternak Dan Sampah /cWillyan Djaja aCet.1 avi 86 hlm. :bilus. ;c23 cm a979-006-151-x17aind a639 a639 WIL l a613.103 HAD k 14-1 aJakarta :bAgro Media Pustaka,c2008 2rdacontentateks 2rdamediaatanpa perantara 2rdacarrieravolume 4aTeknologi Keterampilan/ aPUPAD260420 0  abibiliografi, hlm 83 a7358/ARPUS-PDG 08 a7359/ARPUS-PDG 08